Ingmar granstedt l'impasse industrielle

保存先:
書誌詳細
第一著者: Granstedt, Ingmar
フォーマット: 図書
言語:Undetermined
出版事項: Paris Seuil 1980
主題:
タグ: タグ追加
タグなし, このレコードへの初めてのタグを付けませんか!
Thư viện lưu trữ: Trung tâm Học liệu Trường Đại học Cần Thơ
LEADER 00471nam a2200169Ia 4500
001 CTU_77823
008 210402s9999 xx 000 0 und d
082 |a 338 
082 |b G759 
100 |a Granstedt, Ingmar 
245 0 |a Ingmar granstedt l'impasse industrielle 
245 0 |c Ingmar Granstedt 
260 |a Paris 
260 |b Seuil 
260 |c 1980 
650 |a Industrial organization,Industrialization 
980 |a Trung tâm Học liệu Trường Đại học Cần Thơ